¿Hiperactividad y déficit de atención? : (Record no. 184026)

MARC details
000 -LEADER
campo de control de longitud fija 00860nam a2200241 i 4500
001 - NÚMERO DE CONTROL
campo de control 184026
003 - IDENTIFICADOR DE NÚMERO DE CONTROL
campo de control ES-MaACL
005 - FECHA Y HORA DE LA ÚLTIMA TRANSACCIÓN
campo de control 20250822022520.0
008 - DATOS DE LONGITUD FIJA--INFORMACIÓN GENERAL
campo de control de longitud fija 150223s2013 sp | |||||||| | spa d
020 ## - NÚMERO INTERNACIONAL ESTÁNDAR DEL LIBRO
Número Internacional Estándar del Libro 978-84-155-4194-3
080 ## - NÚMERO DE LA CLASIFICACIÓN DECIMAL UNIVERSAL
Número de la Clasificación Decimal Universal 616.89-008.47/.481
080 ## - NÚMERO DE LA CLASIFICACIÓN DECIMAL UNIVERSAL
Número de la Clasificación Decimal Universal 376.1-056.14
100 1# - ENTRADA PRINCIPAL--NOMBRE DE PERSONA
Nombre de persona Freire, Heike.
9 (RLIN) 152133
245 10 - MENCIÓN DEL TÍTULO
Título ¿Hiperactividad y déficit de atención? :
Resto del título otra forma de prevenir y abordar el problema /
Mención de responsabilidad, etc. Heike Freire.
250 ## - MENCION DE EDICION
Mención de edición 1ª ed.
260 ## - PUBLICACIÓN, DISTRIBUCIÓN, ETC.
Lugar de publicación, distribución, etc. [Barcelona] :
Nombre del editor, distribuidor, etc. RBA Integral,
Fecha de publicación, distribución, etc. 2013.
300 ## - DESCRIPCIÓN FÍSICA
Extensión 189 p. ;
Dimensiones 22 cm.
650 #7 - PUNTO DE ACCESO ADICIONAL DE MATERIA--TÉRMINO DE MATERIA
Término de materia o nombre geográfico como elemento de entrada Trastornos por déficit de atención con hiperactividad
Fuente del encabezamiento o término embne
9 (RLIN) 156421
650 ## - PUNTO DE ACCESO ADICIONAL DE MATERIA--TÉRMINO DE MATERIA
Término de materia o nombre geográfico como elemento de entrada Niños con trastornos por déficit de atención-
Subdivisión general Educación.
9 (RLIN) 156422
852 ## - LOCALIZACIÓN
Ubicación ES-MaACL
Número de control de estantería A-13401
itemnumber 190992
Sublocalización o colección R.150252
Ubicación en estantería Depósito 1
Signatura antigua Olim: N-6401
942 ## - ELEMENTOS DE ENTRADA SECUNDARIOS (KOHA)
Fuente del sistema de clasificación o colocación Clasificación decimal universal
Tipo de ítem Koha Libro impreso
Holdings
Estatus retirado Estado de pérdida Fuente del sistema de clasificación o colocación Estado de daño No para préstamo Biblioteca de origen Biblioteca actual Ubicación en estantería Fecha de adquisición Fuente de adquisición Total de préstamos Signatura topográfica completa Código de barras Visto por última vez Precio de reemplazo Tipo de ítem Koha
    Clasificación decimal universal     Biblioteca del Ateneo de Madrid Biblioteca del Ateneo de Madrid Depósito 1 23/02/2015 Donación   A-13401 1193513 23/02/2023 23/02/2023 Libro impreso